[Event "PoB Konnerud GP 2017"]
[Site "Konnerud bydelshus (Malmveien 15)"]
[Date "2017.11.18"]
[Round "2"]
[White "Abdrlauf, Elham"]
[Black "Gandrud, Vegar Koi"]
[Result "1/2-1/2"]
[WhiteElo "2061"]
[BlackElo "2335"]
[PlyCount "95"]
[EventDate "2017.??.??"]

1. e4 c5 2. Nf3 d6 3. d4 cxd4 4. Nxd4 Nf6 5. Nc3 a6 6. Be3 e6 7. Be2 Nbd7 8.
O-O b5 9. a3 Bb7 10. f3 Be7 11. Qd2 O-O 12. Kh1 d5 13. exd5 Nxd5 14. Nxd5 Bxd5
15. Rad1 Nb6 16. Bd3 Rc8 17. Qf2 Nc4 18. Bxc4 Rxc4 19. f4 Bh4 20. Qd2 Bf6 21.
c3 Qa8 22. Nf3 Rd8 23. Qe2 Rcc8 24. Qf2 Bxf3 25. Qxf3 Qxf3 26. gxf3 Rxd1 27.
Rxd1 Rd8 28. Rxd8+ Bxd8 29. b3 Kf8 30. Kg2 Ke7 31. Kf2 Bc7 32. h3 Bd6 33. a4
bxa4 34. bxa4 Kd7 35. Ke2 Kc6 36. Kd3 Kd5 37. c4+ Kc6 38. Ke4 g6 39. Kd3 Bc5
40. Bd2 f5 41. Bc1 Bf8 42. Be3 Bd6 43. Kc3 Ba3 44. Kd3 Bc5 45. Bxc5 Kxc5 46. a5
Kc6 47. Kd4 Kd6 48. Kd3
1/2-1/2

[Event "PoB Konnerud GP 2017"]
[Site "Konnerud bydelshus (Malmveien 15)"]
[Date "2017.11.18"]
[Round "2"]
[White "Sousa, Ludy Helsio P"]
[Black "Sidali, Elias Hulleberg"]
[Result "1-0"]
[WhiteElo "2140"]
[BlackElo "1754"]
[PlyCount "135"]
[EventDate "2017.??.??"]

1. e4 c6 2. d4 d5 3. exd5 cxd5 4. Bd3 Nc6 5. c3 Qc7 6. Qf3 Nf6 7. Bf4 Qb6 8.
Qe2 Bd7 9. h3 g6 10. Nf3 Bg7 11. O-O O-O 12. Ne5 Nxe5 13. dxe5 Ne4 14. Bxe4
dxe4 15. Rd1 Bc6 16. Na3 Qc7 17. Nb5 Qb8 18. Nd4 Bxe5 19. Bh6 Rc8 20. Nxc6 Rxc6
21. Qxe4 Qc7 22. Rd5 Re6 23. Qd3 Rd6 24. Re1 e6 25. Rxd6 Qxd6 26. Qf3 Bg7 27.
Bxg7 Kxg7 28. Qxb7 Rb8 29. Qxa7 Rxb2 30. a4 Ra2 31. Rb1 Qf4 32. a5 Qf5 33. Qd4+
e5 34. Qb6 Rxa5 35. Qxa5 Qxb1+ 36. Kh2 Qe4 37. Qc5 h5 38. Qe3 Qd5 39. g4 hxg4
40. hxg4 Kf6 41. Kg3 Kg7 42. g5 Kg8 43. f3 Kf8 44. Qe4 Qxe4 45. fxe4 Ke7 46.
Kf3 Kd6 47. Ke3 Kc5 48. Kd2 Kb5 49. Kc1 Kc5 50. Kb2 Kb5 51. Kb3 Kc5 52. c4 Kd4
53. Kb4 Kxe4 54. c5 Kd5 55. Kb5 e4 56. c6 Ke6 57. Kb6 Kf5 58. c7 Kxg5 59. c8=Q
f5 60. Kc5 Kf4 61. Kd4 g5 62. Qc1+ Kg4 63. Qg1+ Kf3 64. Qxg5 f4 65. Qh5+ Kg3
66. Kxe4 f3 67. Qxf3+ Kh2 68. Qg4
1-0

[Event "PoB Konnerud GP 2017"]
[Site "Konnerud bydelshus (Malmveien 15)"]
[Date "2017.11.18"]
[Round "2"]
[White "Edvardsen, Ragnar"]
[Black "Støre, Trond"]
[Result "0-1"]
[WhiteElo "1989"]
[BlackElo "2093"]
[PlyCount "44"]
[EventDate "2017.??.??"]

1. d4 Nf6 2. Nf3 g6 3. g3 Bg7 4. Bg2 O-O 5. c4 c6 6. O-O d5 7. b3 Ne4 8. Bb2
dxc4 9. bxc4 Be6 10. Qc2 Qb6 11. Na3 Bf5 12. Qb3 Nc5 13. dxc5 Qxb3 14. axb3
Bxb2 15. Ra2 Bc3 16. Nh4 Be6 17. Rd1 Nd7 18. Nb1 Bb4 19. Nd2 Nxc5 20. Nhf3 Rfd8
21. Rb2 Ne4 22. e3 Bg4
0-1

[Event "PoB Konnerud GP 2017"]
[Site "Konnerud bydelshus (Malmveien 15)"]
[Date "2017.11.18"]
[Round "2"]
[White "Sjøberg, Isak"]
[Black "Aure, Anders Nilsson"]
[Result "1-0"]
[WhiteElo "2048"]
[BlackElo "1794"]
[PlyCount "39"]
[EventDate "2017.??.??"]

1. e4 c5 2. b3 e6 3. Nf3 Nc6 4. Bb2 d5 5. Bb5 Bd7 6. exd5 exd5 7. O-O Qc7 8.
Nc3 Nf6 9. d4 a6 10. Bxc6 bxc6 11. Re1+ Be6 12. dxc5 Bxc5 13. Na4 Be7 14. Ng5
Ng4 15. Nxe6 Qxh2+ 16. Kf1 Qh1+ 17. Ke2 Qxg2 18. Nxg7+ Kd8 19. Qd4 Bg5 20. Rg1
1-0

[Event "PoB Konnerud GP 2017"]
[Site "Konnerud bydelshus (Malmveien 15)"]
[Date "2017.11.18"]
[Round "2"]
[White "Kopperud, Vidar Aleksander"]
[Black "Haugland, Rasmus L"]
[Result "1/2-1/2"]
[WhiteElo "1903"]
[BlackElo "1938"]
[PlyCount "82"]
[EventDate "2017.??.??"]

1. d4 Nf6 2. c4 e6 3. Nf3 Bb4+ 4. Bd2 Qe7 5. a3 Bxd2+ 6. Nbxd2 d5 7. e3 O-O 8.
Bd3 b6 9. O-O Bb7 10. Rc1 Na6 11. Qe2 Nb8 12. Rc2 dxc4 13. Bxc4 Nbd7 14. Rfc1
a5 15. Bb5 c5 16. Nc4 Be4 17. Rd2 Rab8 18. Nce5 Rfc8 19. Nxd7 Nxd7 20. Bxd7
Qxd7 21. dxc5 Qe7 22. Rd4 Bxf3 23. gxf3 Rxc5 24. Rcd1 h6 25. f4 Rbc8 26. Qd3
Rc2 27. Rd8+ Qxd8 28. Qxd8+ Rxd8 29. Rxd8+ Kh7 30. b4 axb4 31. axb4 Rc4 32. Rd4
Rxd4 33. exd4 Kg6 34. Kg2 f5 35. h4 h5 36. Kf3 Kf6 37. Ke3 Ke7 38. Kd3 Kd6 39.
Kc4 Kc6 40. b5+ Kd6 41. f3 g6
1/2-1/2

[Event "PoB Konnerud GP 2017"]
[Site "Konnerud bydelshus (Malmveien 15)"]
[Date "2017.11.18"]
[Round "2"]
[White "Jakobsen, Kjetil Ansgar"]
[Black "Svanholm, Børge Waaktaar"]
[Result "1/2-1/2"]
[WhiteElo "1907"]
[BlackElo "1799"]
[PlyCount "46"]
[EventDate "2017.??.??"]

1. e4 e6 2. c4 d5 3. exd5 exd5 4. cxd5 Nf6 5. Bb5+ Bd7 6. Bc4 Bc5 7. d4 Bb4+ 8.
Nc3 O-O 9. Nge2 Bf5 10. O-O Nbd7 11. Qb3 Bxc3 12. bxc3 Nb6 13. Ba3 Nxc4 14.
Qxc4 Re8 15. Ng3 Bg6 16. Rfe1 Qd7 17. Qb4 Nxd5 18. Qxb7 Nxc3 19. Re7 Rxe7 20.
Qxa8+ Qe8 21. Qxe8+ Rxe8 22. Bc5 a6 23. f3 Rb8
1/2-1/2

[Event "PoB Konnerud GP 2017"]
[Site "Konnerud bydelshus (Malmveien 15)"]
[Date "2017.11.18"]
[Round "2"]
[White "Fossheim, Yngve Götestam"]
[Black "Ali, Karim"]
[Result "1/2-1/2"]
[WhiteElo "1821"]
[BlackElo "1752"]
[PlyCount "107"]
[EventDate "2017.??.??"]

1. e4 a5 2. Nf3 Na6 3. Bxa6 bxa6 4. O-O Ra7 5. d4 Bb7 6. Nc3 Nh6 7. Bxh6 gxh6
8. Qd2 Ba8 9. Nd5 Bxd5 10. exd5 d6 11. c4 Qb8 12. c5 Qb4 13. Qxb4 axb4 14. Rac1
Kd7 15. cxd6 cxd6 16. Rc4 e6 17. dxe6+ fxe6 18. d5 exd5 19. Rd4 Bg7 20. Rxd5
Rb7 21. Rfd1 Rb6 22. Ne5+ Bxe5 23. Rxe5 Rg8 24. Rh5 Rg6 25. f4 Rb5 26. Rxb5
axb5 27. Rd4 Kc6 28. f5 Rf6 29. g4 Kc5 30. Re4 h5 31. h3 hxg4 32. hxg4 h5 33.
gxh5 Rxf5 34. Rh4 Rf7 35. h6 Rh7 36. Kf2 d5 37. Ke3 d4+ 38. Kd3 b3 39. a3 b4
40. axb4+ Kxb4 41. Kxd4 Rc7 42. Kd5+ Kb5 43. h7 Rc5+ 44. Kd6 Rc6+ 45. Kd7 Rc4
46. Rxc4 Kxc4 47. h8=Q Kd3 48. Qc3+ Ke2 49. Kd6 Kd1 50. Kd5 Ke2 51. Kd4 Kf1 52.
Qd2 Kg1 53. Qe2 Kh1 54. Qf2
1/2-1/2

[Event "PoB Konnerud GP 2017"]
[Site "Konnerud bydelshus (Malmveien 15)"]
[Date "2017.11.18"]
[Round "3"]
[White "Gandrud, Vegar Koi"]
[Black "Jakobsen, Kjetil Ansgar"]
[Result "1-0"]
[WhiteElo "2335"]
[BlackElo "1907"]
[PlyCount "37"]
[EventDate "2017.??.??"]

1. d4 f5 2. e4 fxe4 3. Nc3 Nf6 4. Bg5 Nc6 5. d5 Ne5 6. Qe2 g6 7. Nxe4 Nxe4 8.
Qxe4 Bg7 9. O-O-O Nf7 10. h4 c6 11. d6 Nxg5 12. hxg5 e6 13. Nf3 Qa5 14. Kb1 Kd8
15. Bd3 b6 16. Rxh7 Rxh7 17. Qxg6 Rh8 18. Qxg7 Re8 19. Qf6+
1-0

[Event "PoB Konnerud GP 2017"]
[Site "Konnerud bydelshus (Malmveien 15)"]
[Date "2017.11.18"]
[Round "3"]
[White "Støre, Trond"]
[Black "Sousa, Ludy Helsio P"]
[Result "0-1"]
[WhiteElo "2093"]
[BlackElo "2140"]
[PlyCount "118"]
[EventDate "2017.??.??"]

1. Nf3 c5 2. c4 d6 3. b3 e5 4. Nc3 Nc6 5. e3 g6 6. Bb2 Bg7 7. Nd5 Nge7 8. Nxe7
Qxe7 9. Be2 O-O 10. Qc1 e4 11. Bxg7 Kxg7 12. Qc3+ Kg8 13. Ng1 Qg5 14. g3 Bg4
15. f3 exf3 16. Nxf3 Qh5 17. O-O Rae8 18. Rf2 Re7 19. Qf6 Re6 20. Qf4 h6 21.
Nd4 cxd4 22. Bxg4 dxe3 23. Bxh5 exf2+ 24. Qxf2 gxh5 25. d4 Re4 26. d5 Nd4 27.
Qf6 Rfe8 28. Rf1 R8e7 29. Qxh6 h4 30. Qxd6 f5 31. Qd8+ Kh7 32. gxh4 Re2 33. Rf2
Re1+ 34. Kg2 Rg7+ 35. Qg5 Rxg5+ 36. hxg5 Kg6 37. h4 Re4 38. Rd2 Rxh4 39. d6
Rg4+ 40. Kf2 Nc6 41. d7 Nd8 42. Rd5 Rxg5 43. Re5 Kf7 44. Re8 Rg8 45. Re5 f4 46.
Kf3 Ne6 47. Ra5 a6 48. Ke4 Ke7 49. Rd5 Rd8 50. Kf5 Rxd7 51. Re5 Rd6 52. c5 Rc6
53. b4 f3 54. Ke4 Kf6 55. Rf5+ Kg6 56. Rd5 Ng5+ 57. Ke3 Re6+ 58. Kf2 Re2+ 59.
Kf1 Ne4
0-1

[Event "PoB Konnerud GP 2017"]
[Site "Konnerud bydelshus (Malmveien 15)"]
[Date "2017.11.18"]
[Round "3"]
[White "Svanholm, Børge Waaktaar"]
[Black "Abdrlauf, Elham"]
[Result "0-1"]
[WhiteElo "1799"]
[BlackElo "2061"]
[PlyCount "62"]
[EventDate "2017.??.??"]

1. c4 e5 2. Nc3 Nf6 3. Nf3 Nc6 4. d4 exd4 5. Nxd4 Nxd4 6. Qxd4 Be7 7. g3 O-O 8.
Bg2 c6 9. O-O b6 10. Rd1 h6 11. e4 Bc5 12. Qd3 Ng4 13. Rf1 Ba6 14. Qe2 Ne5 15.
b3 Bd4 16. Bb2 Qf6 17. Rac1 Ng6 18. Rfd1 Rfe8 19. Qd2 Bc5 20. Na4 Qe7 21. Qxd7
Qxd7 22. Rxd7 Bf8 23. Rcd1 b5 24. cxb5 cxb5 25. Nc3 Ne5 26. R7d5 Rab8 27. h3 g5
28. f4 Nc6 29. e5 Nb4 30. Rd7 Nc2 31. Rxa7 Bc5+
0-1

[Event "PoB Konnerud GP 2017"]
[Site "Konnerud bydelshus (Malmveien 15)"]
[Date "2017.11.18"]
[Round "3"]
[White "Ali, Karim"]
[Black "Sjøberg, Isak"]
[Result "0-1"]
[WhiteElo "1752"]
[BlackElo "2048"]
[PlyCount "78"]
[EventDate "2017.??.??"]

1. d4 Nf6 2. Nf3 c5 3. c3 e6 4. Bf4 cxd4 5. Nxd4 d6 6. Bg5 Be7 7. e3 O-O 8. Bd3
e5 9. Nf5 Be6 10. O-O d5 11. Nxe7+ Qxe7 12. f4 exf4 13. Rxf4 Nbd7 14. Nd2 h6
15. Bxf6 Nxf6 16. Qe2 Rae8 17. Re1 Qd6 18. Qf3 Nd7 19. Qg3 Ne5 20. Rh4 Bd7 21.
Bc2 Qb6 22. b3 f5 23. h3 Rf6 24. Qf2 Ng6 25. Rb4 Qc7 26. Nf3 Qxc3 27. Rd4 f4
28. Rd3 Qc8 29. Qd2 fxe3 30. Rdxe3 Rxe3 31. Rxe3 Nf4 32. Nd4 Qf8 33. Qc3 Nxh3+
34. Rxh3 Bxh3 35. Qxh3 Rf1+ 36. Kh2 Qf4+ 37. g3 Rf2+ 38. Kg1 Qxd4 39. Qe6+ Kh8
0-1

[Event "PoB Konnerud GP 2017"]
[Site "Konnerud bydelshus (Malmveien 15)"]
[Date "2017.11.18"]
[Round "3"]
[White "Haugland, Rasmus L"]
[Black "Edvardsen, Ragnar"]
[Result "1-0"]
[WhiteElo "1938"]
[BlackElo "1989"]
[PlyCount "51"]
[EventDate "2017.??.??"]

1. d4 Nf6 2. Nc3 d5 3. Bg5 c6 4. f3 h6 5. Bxf6 gxf6 6. e4 Bg7 7. Nge2 dxe4 8.
fxe4 e5 9. dxe5 Qxd1+ 10. Rxd1 fxe5 11. Ng3 Bg4 12. Be2 Bxe2 13. Kxe2 Nd7 14.
Rhf1 Rd8 15. Nh5 O-O 16. Rf3 Bh8 17. Rfd3 Nf6 18. Rxd8 Nxh5 19. Rxf8+ Kxf8 20.
Rd7 b5 21. Rxa7 Nf4+ 22. Kf3 Ne6 23. Ne2 Bf6 24. c3 Be7 25. Ng3 Ng5+ 26. Kg4
1-0

[Event "PoB Konnerud GP 2017"]
[Site "Konnerud bydelshus (Malmveien 15)"]
[Date "2017.11.18"]
[Round "3"]
[White "Aure, Anders Nilsson"]
[Black "Kopperud, Vidar Aleksander"]
[Result "1/2-1/2"]
[WhiteElo "1794"]
[BlackElo "1903"]
[PlyCount "48"]
[EventDate "2017.??.??"]

1. c4 Nf6 2. Nc3 e6 3. d4 Bb4 4. Qb3 Bxc3+ 5. Qxc3 h6 6. Bf4 d5 7. e3 O-O 8.
Rc1 c6 9. Bd3 dxc4 10. Bxc4 Nd5 11. Bxd5 exd5 12. Nf3 Nd7 13. O-O Nf6 14. Qd3
Ne4 15. b4 Bf5 16. Qe2 Bg4 17. b5 Qd7 18. bxc6 bxc6 19. Qc2 Bxf3 20. gxf3 Ng5
21. Bxg5 hxg5 22. Qxc6 Qf5 23. Qc7 Qxf3 24. Qg3 Qxg3+
1/2-1/2

[Event "PoB Konnerud GP 2017"]
[Site "Konnerud bydelshus (Malmveien 15)"]
[Date "2017.11.18"]
[Round "3"]
[White "Sidali, Elias Hulleberg"]
[Black "Fossheim, Yngve Götestam"]
[Result "1/2-1/2"]
[WhiteElo "1754"]
[BlackElo "1821"]
[PlyCount "37"]
[EventDate "2017.??.??"]

1. e4 e5 2. Nf3 Nc6 3. Nc3 Bc5 4. a3 d6 5. h3 Be6 6. Bb5 Nge7 7. d4 exd4 8.
Nxd4 Bd7 9. Nxc6 Bxc6 10. Bxc6+ Nxc6 11. O-O O-O 12. Qe2 Re8 13. Be3 Nd4 14.
Qd3 Ne6 15. b4 Bxe3 16. Qxe3 c6 17. Rad1 Qe7 18. Qg3 Red8 19. Rd3
1/2-1/2

[Event "PoB Konnerud GP 2017"]
[Site "Konnerud bydelshus (Malmveien 15)"]
[Date "2017.11.19"]
[Round "4"]
[White "Sousa, Ludy Helsio P"]
[Black "Gandrud, Vegar Koi"]
[Result "0-1"]
[WhiteElo "2140"]
[BlackElo "2335"]
[PlyCount "66"]
[EventDate "2017.??.??"]

1. e4 c5 2. Nf3 d6 3. d4 cxd4 4. Nxd4 Nf6 5. Nc3 a6 6. Bg5 Nbd7 7. Bc4 Qb6 8.
Bb3 e6 9. Be3 Nc5 10. f3 Be7 11. Qd2 Qc7 12. O-O-O b5 13. Kb1 Bd7 14. g4 O-O
15. g5 Nh5 16. Nce2 g6 17. Ng3 Ng7 18. h4 Nxb3 19. cxb3 e5 20. Nc2 d5 21. exd5
Nf5 22. Ne4 Nd6 23. Rc1 Bf5 24. Ng3 Qd7 25. Ka1 a5 26. Bc5 a4 27. bxa4 Rxa4 28.
Qf2 Rfa8 29. a3 Bxc2 30. Rxc2 b4 31. Qe3 Nb5 32. Bxe7 Nxa3 33. Qxe5 Nc4+
0-1

[Event "PoB Konnerud GP 2017"]
[Site "Konnerud bydelshus (Malmveien 15)"]
[Date "2017.11.19"]
[Round "4"]
[White "Abdrlauf, Elham"]
[Black "Støre, Trond"]
[Result "1-0"]
[WhiteElo "2061"]
[BlackElo "2093"]
[PlyCount "107"]
[EventDate "2017.??.??"]

1. e4 c5 2. Nf3 d6 3. Bb5+ Nd7 4. O-O a6 5. Bxd7+ Bxd7 6. c4 Bc6 7. d3 e6 8.
Re1 Be7 9. Nc3 b5 10. b3 Bf6 11. Bb2 b4 12. Na4 Bxa4 13. e5 Bc6 14. exf6 Nxf6
15. d4 O-O 16. dxc5 dxc5 17. Ne5 Bb7 18. Qe2 Qe7 19. Ng4 Ne8 20. Qe5 f6 21. Qg3
Kh8 22. Rad1 Rd8 23. Rxd8 Qxd8 24. Qe3 Qe7 25. h3 Nc7 26. f3 Rd8 27. Nf2 e5 28.
f4 e4 29. h4 Ne6 30. Nxe4 Nd4 31. Nxc5 Qxc5 32. Qe8+ Qf8 33. Qxf8+ Rxf8 34.
Bxd4 h6 35. Bc5 Rd8 36. Bxb4 Rd4 37. Bf8 Rxf4 38. Bxg7+ Kg8 39. Bxh6 Rxh4 40.
Be3 Kf7 41. Rd1 Kg6 42. Rd2 Re4 43. Kf2 Rg4 44. g3 Kf5 45. Rd7 Bc8 46. Rc7 Rg8
47. b4 Ke4 48. Bf4 Rh8 49. b5 axb5 50. cxb5 Bg4 51. b6 Rh2+ 52. Kg1 Rxa2 53. b7
Ra1+ 54. Rc1
1-0

[Event "PoB Konnerud GP 2017"]
[Site "Konnerud bydelshus (Malmveien 15)"]
[Date "2017.11.19"]
[Round "4"]
[White "Sjøberg, Isak"]
[Black "Sidali, Elias Hulleberg"]
[Result "1-0"]
[WhiteElo "2048"]
[BlackElo "1754"]
[PlyCount "37"]
[EventDate "2017.??.??"]

1. e4 c6 2. d4 d5 3. Nc3 dxe4 4. Nxe4 Nf6 5. Nxf6+ exf6 6. c3 Bd6 7. Bd3 O-O 8.
Qc2 Re8+ 9. Ne2 h5 10. O-O h4 11. Bf4 Rxe2 12. Qxe2 Bxf4 13. Qe4 Bd6 14. Rfe1
Be6 15. Qxh4 Kf8 16. Qh8+ Ke7 17. Rxe6+ fxe6 18. Qxg7+ Ke8 19. Bg6#
1-0

[Event "PoB Konnerud GP 2017"]
[Site "Konnerud bydelshus (Malmveien 15)"]
[Date "2017.11.19"]
[Round "4"]
[White "Edvardsen, Ragnar"]
[Black "Aure, Anders Nilsson"]
[Result "1/2-1/2"]
[WhiteElo "1989"]
[BlackElo "1794"]
[PlyCount "54"]
[EventDate "2017.??.??"]

1. e4 c5 2. Nf3 d6 3. d4 Nf6 4. Nc3 cxd4 5. Nxd4 g6 6. Be3 Bg7 7. Be2 O-O 8.
O-O Nc6 9. Kh1 Bd7 10. f4 a6 11. Qd2 Rc8 12. Nb3 Re8 13. Rad1 Na5 14. Nxa5 Qxa5
15. Bf3 Ng4 16. Bd4 e5 17. fxe5 dxe5 18. Bg1 Nf6 19. h3 Bc6 20. Be3 Qb4 21. b3
Qa5 22. Nd5 Qxd2 23. Nxf6+ Bxf6 24. Rxd2 Rcd8 25. Rfd1 Rxd2 26. Rxd2 Rd8 27. c4
Rxd2
1/2-1/2

[Event "PoB Konnerud GP 2017"]
[Site "Konnerud bydelshus (Malmveien 15)"]
[Date "2017.11.19"]
[Round "4"]
[White "Fossheim, Yngve Götestam"]
[Black "Haugland, Rasmus L"]
[Result "1/2-1/2"]
[WhiteElo "1821"]
[BlackElo "1938"]
[PlyCount "109"]
[EventDate "2017.??.??"]

1. e4 c6 2. d4 d5 3. e5 Bf5 4. Bd3 Bxd3 5. Qxd3 e6 6. Nf3 Qa5+ 7. c3 Qa6 8.
Qxa6 Nxa6 9. b3 Rc8 10. Ba3 c5 11. O-O Ne7 12. Nbd2 Nc6 13. dxc5 Nxc5 14. Bxc5
Bxc5 15. a4 a5 16. Rfd1 O-O 17. Ra2 f6 18. exf6 Rxf6 19. Nf1 Ne7 20. Re2 Ng6
21. Ne3 Nf4 22. Ra2 Bxe3 23. fxe3 Nh3+ 24. gxh3 Rxf3 25. Rd3 Rxh3 26. Rf2 Rf8
27. Rxf8+ Kxf8 28. Kg2 Rh5 29. e4 Ke7 30. exd5 exd5 31. Kg3 Ke6 32. h4 Re5 33.
Rf3 Re4 34. Rd3 h5 35. Rf3 g6 36. Rd3 Ke5 37. Kh3 Rg4 38. Re3+ Re4 39. Rd3 Kf4
40. Rxd5 Re3+ 41. Kg2 Rxc3 42. Rxa5 Rxb3 43. Rg5 Rb2+ 44. Kh3 Rb6 45. a5 Rf6
46. Rb5 Rf5 47. Rb4+ Kf3 48. Rb3+ Kf2 49. Rb2+ Ke3 50. Rb3+ Ke4 51. Rb4+ Kd3
52. Rb3+ Kc4 53. Rxb7 Rxa5 54. Rb6 Ra1 55. Kg2
1/2-1/2

[Event "PoB Konnerud GP 2017"]
[Site "Konnerud bydelshus (Malmveien 15)"]
[Date "2017.11.19"]
[Round "4"]
[White "Jakobsen, Kjetil Ansgar"]
[Black "Ali, Karim"]
[Result "1-0"]
[WhiteElo "1907"]
[BlackElo "1752"]
[PlyCount "51"]
[EventDate "2017.??.??"]

1. e4 d6 2. Nc3 Nf6 3. Bc4 e5 4. f4 Bg4 5. Nf3 exf4 6. d3 g5 7. h4 gxh4 8. Bxf4
Nc6 9. Qd2 Bxf3 10. gxf3 Ne5 11. O-O-O Nxc4 12. dxc4 Be7 13. Kb1 Nh5 14. e5
Nxf4 15. Qxf4 Rg8 16. exd6 cxd6 17. c5 Rg6 18. Nb5 Kf8 19. cxd6 Bg5 20. Qf5 Qb6
21. Rhg1 Qd8 22. d7 Bf6 23. Rge1 Qa5 24. Re8+ Rxe8 25. dxe8=Q+ Kxe8 26. Nd6+
1-0

[Event "PoB Konnerud GP 2017"]
[Site "Konnerud bydelshus (Malmveien 15)"]
[Date "2017.11.19"]
[Round "4"]
[White "Kopperud, Vidar Aleksander"]
[Black "Svanholm, Børge Waaktaar"]
[Result "0-1"]
[WhiteElo "1903"]
[BlackElo "1799"]
[PlyCount "66"]
[EventDate "2017.??.??"]

1. d4 Nf6 2. c4 g6 3. Nc3 Bg7 4. e4 d6 5. Nf3 O-O 6. Bd3 e5 7. d5 a5 8. h3 Na6
9. Be3 Ne8 10. O-O f5 11. a3 f4 12. Bd2 Nc5 13. Bc2 g5 14. Nh2 Nf6 15. Ng4 Rf7
16. Rb1 Ncd7 17. b4 axb4 18. axb4 Bf8 19. Bb3 h5 20. Nh2 b6 21. Qe2 Rg7 22. Na4
Be7 23. c5 bxc5 24. bxc5 Nf8 25. c6 g4 26. hxg4 hxg4 27. g3 f3 28. Qd3 Qe8 29.
Nxf3 gxf3 30. Qxf3 Qg6 31. Nc3 Bg4 32. Qe3 Rh7 33. Qg5 Bf3
0-1

[Event "PoB Konnerud GP 2017"]
[Site "Konnerud bydelshus (Malmveien 15)"]
[Date "2017.11.19"]
[Round "5"]
[White "Gandrud, Vegar Koi"]
[Black "Fossheim, Yngve Götestam"]
[Result "1-0"]
[WhiteElo "2335"]
[BlackElo "1821"]
[PlyCount "57"]
[EventDate "2017.??.??"]

1. d4 Nf6 2. c4 g6 3. Nc3 Bg7 4. e4 d6 5. Nf3 O-O 6. Be2 Bg4 7. Be3 Nbd7 8. O-O
e5 9. d5 Ne8 10. b4 b6 11. Nd2 Bxe2 12. Qxe2 f5 13. f3 a6 14. Nb3 Qc8 15. Rfc1
fxe4 16. Nxe4 c5 17. bxc5 Nxc5 18. Nbxc5 bxc5 19. Rab1 Rb8 20. Qc2 Rf7 21. Rxb8
Qxb8 22. Qa4 h6 23. Nc3 Qa8 24. Rb1 Kf8 25. Rb6 Ra7 26. Ne4 Ke7 27. Qb3 Rd7 28.
Nxc5 Rc7 29. Rb8
1-0

[Event "PoB Konnerud GP 2017"]
[Site "Konnerud bydelshus (Malmveien 15)"]
[Date "2017.11.19"]
[Round "5"]
[White "Sousa, Ludy Helsio P"]
[Black "Abdrlauf, Elham"]
[Result "1-0"]
[WhiteElo "2140"]
[BlackElo "2061"]
[PlyCount "91"]
[EventDate "2017.??.??"]

1. e4 c6 2. d4 d5 3. e5 c5 4. dxc5 e6 5. Nf3 Bxc5 6. Bd3 Ne7 7. O-O Nbc6 8. a3
a5 9. Re1 Ng6 10. Nc3 O-O 11. h4 Ncxe5 12. Nxe5 Nxe5 13. Rxe5 Bxf2+ 14. Kxf2
Qf6+ 15. Qf3 Qxe5 16. Bf4 Qf6 17. h5 g5 18. Bd6 Qd4+ 19. Qe3 Qxe3+ 20. Kxe3 Rd8
21. Be5 f5 22. Kd4 h6 23. Na4 b5 24. Nb6 Ra7 25. Nxc8 Rxc8 26. c3 Rf7 27. Bxb5
f4 28. Rf1 Rcf8 29. Be2 Rb7 30. Rb1 Ra8 31. b3 Raa7 32. Bd3 Ra8 33. a4 Rf8 34.
Bd6 Rd8 35. Ke5 Kf7 36. Bg6+ Kg7 37. Bc5 Rc8 38. Bd4 Rc6 39. Be8 Rc8 40. Kxe6+
Kf8 41. Bd7 Rcb8 42. Bc5+ Kg8 43. Bb5 g4 44. Kxd5 f3 45. gxf3 gxf3 46. Ke4
1-0

[Event "PoB Konnerud GP 2017"]
[Site "Konnerud bydelshus (Malmveien 15)"]
[Date "2017.11.19"]
[Round "5"]
[White "Støre, Trond"]
[Black "Jakobsen, Kjetil Ansgar"]
[Result "0-1"]
[WhiteElo "2093"]
[BlackElo "1907"]
[PlyCount "114"]
[EventDate "2017.??.??"]

1. e4 e5 2. Nf3 Nc6 3. Bb5 f5 4. d3 fxe4 5. dxe4 Nf6 6. O-O Bc5 7. Bxc6 bxc6 8.
Nxe5 O-O 9. Qe2 d5 10. Nc3 a5 11. exd5 cxd5 12. Nd3 Bb6 13. Bg5 Qd6 14. Bf4 Qd7
15. Rae1 d4 16. Ne4 Bb7 17. Nec5 Qd5 18. Nxb7 Qxb7 19. Qe6+ Kh8 20. Be5 Rae8
21. Qc4 Ne4 22. Bxd4 Nd2 23. Bxg7+ Kxg7 24. Qc3+ Kg8 25. Qxd2 Qd5 26. Rxe8 Rxe8
27. b3 Rf8 28. Qe2 Bd4 29. Re1 Kh8 30. Qe4 Qd6 31. g3 Qf6 32. Re2 c5 33. Kg2 a4
34. f4 axb3 35. axb3 Qa6 36. Ne5 Qa1 37. Nf3 Bc3 38. Ng5 Qa7 39. Qe7 Qa8+ 40.
Re4 Bg7 41. Kf3 Qd5 42. Qe6 Qxg5 43. h4 Qh5+ 44. Qg4 Qd5 45. Qe6 Qd1+ 46. Re2
Bd4 47. Kg4 Qg1 48. Kh3 Rg8 49. Rg2 Qh1+ 50. Rh2 Qf1+ 51. Rg2 Qf3 52. Kh2 Qc3
53. Qe4 Bf6 54. Qe6 Qd4 55. Re2 Bxh4 56. gxh4 Qg1+ 57. Kh3 Qg3#
0-1

[Event "PoB Konnerud GP 2017"]
[Site "Konnerud bydelshus (Malmveien 15)"]
[Date "2017.11.18"]
[Round "5"]
[White "Haugland, Rasmus L"]
[Black "Sjøberg, Isak"]
[Result "0-1"]
[WhiteElo "1938"]
[BlackElo "2048"]
[PlyCount "96"]
[EventDate "2017.??.??"]

1. d4 Nf6 2. Nc3 d5 3. Bg5 c5 4. Bxf6 exf6 5. e3 Nc6 6. Nge2 Be6 7. g3 cxd4 8.
exd4 Bd6 9. Bg2 Ne7 10. O-O Qd7 11. Qd2 h5 12. Nf4 h4 13. Rfe1 Kf8 14. a4 g5
15. Nxe6+ fxe6 16. Nb5 Kf7 17. Nxd6+ Qxd6 18. Ra3 hxg3 19. fxg3 Nf5 20. Rb3 b6
21. Qb4 Qd7 22. g4 Nd6 23. Rbe3 Rae8 24. b3 Rh4 25. h3 f5 26. Rg3 f4 27. Rd3
Rc8 28. Rc3 a5 29. Qxd6 Qxd6 30. Rxc8 Qb4 31. Rc7+ Kf6 32. c3 Qd6 33. Rc8 Rh7
34. Re5 Qd7 35. Rg8 Rg7 36. Rf8+ Ke7 37. Rff5 Kd8 38. Rf6 Re7 39. Rxg5 Qc7 40.
Rg8+ Re8 41. Rxe8+ Kxe8 42. Rxe6+ Kd7 43. Bxd5 Qxc3 44. Bc4 Qg3+ 45. Kf1 f3 46.
Rf6 Qg2+ 47. Ke1 Qg1+ 48. Bf1 Qe3+
0-1

[Event "PoB Konnerud GP 2017"]
[Site "Konnerud bydelshus (Malmveien 15)"]
[Date "2017.11.19"]
[Round "5"]
[White "Kopperud, Vidar Aleksander"]
[Black "Edvardsen, Ragnar"]
[Result "0-1"]
[WhiteElo "1903"]
[BlackElo "1989"]
[PlyCount "86"]
[EventDate "2017.??.??"]

1. d4 Nf6 2. c4 g6 3. Nc3 d5 4. Nf3 Bg7 5. h3 O-O 6. Bf4 dxc4 7. a4 c5 8. e3
Be6 9. Ng5 Bd7 10. Bxc4 cxd4 11. exd4 e6 12. Nf3 Bc6 13. Be3 Nd5 14. O-O Nxc3
15. bxc3 Qa5 16. Bd2 Nd7 17. Be2 Qc7 18. Qc1 e5 19. Be3 b6 20. Rd1 Qb7 21. c4
exd4 22. Bxd4 Rfe8 23. Qb2 Bxd4 24. Rxd4 Nc5 25. Bd1 Ne6 26. Rd2 Nf4 27. Qf6
Nh5 28. Qc3 Qc7 29. Be2 Nf4 30. Bf1 Qb7 31. Nh4 Qe7 32. Qg3 Qe4 33. Nf3 Nh5 34.
Qh4 Qxh4 35. Nxh4 Rad8 36. Rad1 Rxd2 37. Rxd2 Bxa4 38. Ra2 Bd1 39. Rxa7 Nf4 40.
g3 Ne2+ 41. Bxe2 Bxe2 42. Ra4 Rc8 43. Ra6 Rc6
0-1

[Event "PoB Konnerud GP 2017"]
[Site "Konnerud bydelshus (Malmveien 15)"]
[Date "2017.11.19"]
[Round "5"]
[White "Svanholm, Børge Waaktaar"]
[Black "Sidali, Elias Hulleberg"]
[Result "1/2-1/2"]
[WhiteElo "1799"]
[BlackElo "1754"]
[PlyCount "52"]
[EventDate "2017.??.??"]

1. c4 Nf6 2. Nc3 g6 3. d4 d5 4. Nf3 e6 5. e3 Bd6 6. b3 O-O 7. Bd3 Nbd7 8. O-O
Re8 9. Bb2 b6 10. Rc1 Bb7 11. Qd2 Qb8 12. h3 a6 13. Rfd1 dxc4 14. bxc4 c5 15.
Be2 Rd8 16. Qc2 cxd4 17. exd4 e5 18. dxe5 Nxe5 19. Nxe5 Bxe5 20. Qb3 Bc6 21.
Rxd8+ Qxd8 22. Rd1 Qe8 23. Bf1 Rb8 24. Qc2 Nd7 25. Rd2 Qf8 26. Nd5 Bxb2
1/2-1/2

[Event "PoB Konnerud GP 2017"]
[Site "Konnerud bydelshus (Malmveien 15)"]
[Date "2017.11.19"]
[Round "5"]
[White "Ali, Karim"]
[Black "Aure, Anders Nilsson"]
[Result "1-0"]
[WhiteElo "1752"]
[BlackElo "1794"]
[PlyCount "57"]
[EventDate "2017.??.??"]

1. e4 c5 2. Nc3 Nc6 3. Bb5 g6 4. f4 Bg7 5. Nf3 d6 6. d3 Bd7 7. O-O Nf6 8. Qe1
Nb4 9. Bxd7+ Qxd7 10. Qe2 O-O 11. a3 Nc6 12. Qf2 Rab8 13. h3 b5 14. Qh4 a5 15.
Ne2 c4 16. f5 cxd3 17. cxd3 b4 18. Bh6 bxa3 19. bxa3 Rb2 20. Bxg7 Kxg7 21. Nf4
Ne5 22. Ng5 Qa7+ 23. Kh1 Qe3 24. Rae1 Qd2 25. Re2 Qc3 26. Nd5 Nxd5 27. Qxh7+
Kf6 28. fxg6+ Kxg5 29. Rf5#
1-0